| 000 | 00471nam a2200157 a 4500 | ||
|---|---|---|---|
| 001 | 000029092 | ||
| 005 | 20200930055327.0 | ||
| 008 | 110413s1975 ag 000 0 spa d | ||
| 040 |
_aDO-SdBNP _bspa _cBNPHU |
||
| 100 | 1 |
_aOuspensky, P. O. _955998 |
|
| 245 | 1 | 3 |
_aFragmentos de una enseñanza desconocida / _cP. O. Ouspensky. |
| 250 | _a3a. ed. | ||
| 260 |
_aBuenos Aires, Argentina : _bLibreria Hachette, _c1975. |
||
| 300 |
_a510 p. ; _c23 cm. |
||
| 500 | _aIncluye índice | ||
| 999 |
_c28584 _d28584 |
||